000
00313nam a2200145Ia 4500
100
_a
Desphande/Subhash
650
_a
General
942
_c
RB
654
_a
Manasa Udyogatley
245
_a
Manasa Udyogatley
260
_b
Shree Vidya Prakashan
_a
Pune
_c
1991
300
_a
132
546
_a
MARATHI
999
_c
23303
_d
23303